00232nam a2200097Ia 4500008004100000041000800041082001100049100001900060245002900079260002600108231212s1977 xx 000 0 und d aeng a621.31 aSavelyev I. V. aPhysics A General Course aMascowbMir Pubc1977